guess the laufey song no hints #6 - Statistics

General Stats
  • This quiz has been taken 90 times
  • The average score is 103 of 179
Answer Stats
Answer % Correct
I
98%
a
95%
you
95%
love
92%
the
81%
The
81%
me
77%
And
74%
and
74%
be
74%
in
74%
In
74%
to
74%
your
74%
my
73%
I'm
71%
on
68%
when
68%
When
68%
what
65%
What
65%
that
63%
That
63%
of
61%
you're
61%
have
60%
I'll
58%
night
58%
So
58%
so
58%
were
56%
done
55%
just
53%
Fell
52%
fell
52%
are
48%
fall
48%
lovesick
48%
skin
48%
wish
48%
Floorboards
47%
gold
47%
head
47%
here
47%
Let
47%
morning
47%
now
47%
Oh
47%
right
47%
you'll
47%
God
45%
gone
45%
got
45%
hair
44%
memory
44%
not
44%
rays
44%
with
44%
bed
42%
but
42%
creaking
42%
home
42%
I'd
42%
lips
42%
nights
42%
sang
42%
three
42%
wind
42%
caught
40%
choir
40%
days
39%
hold
39%
mourning
39%
would
39%
alone
37%
atmosphere
37%
away
37%
Deathly
37%
haunting
37%
melancholic
37%
much
37%
November
37%
silence
37%
still
37%
Those
37%
tryin'
37%
fear
35%
somehow
35%
dead
34%
Dreams
34%
last
34%
slip
34%
unlike
34%
until
34%
hymn
32%
nightmares
32%
sleep
32%
spent
32%
Getting
31%
Since
29%
closer
27%
twisted
27%
Inching
24%
No matching quizzes found
Score Distribution
Percent of People with Each Score
Percentile by Number Answered
Your Score History
You have not taken this quiz